Digital design with an introduction to the Verilog HDL, VHDL, and Systemverilog (Record no. 6321)

000 -LEADER
fixed length control field 00438nam a2200145Ia 4500
008 - FIXED-LENGTH DATA ELEMENTS--GENERAL INFORMATION
fixed length control field 200103s9999||||xx |||||||||||||| ||und||
020 ## - INTERNATIONAL STANDARD BOOK NUMBER
International Standard Book Number 9789353062019
082 ## - DEWEY DECIMAL CLASSIFICATION NUMBER
Classification number Column-18
100 ## - MAIN ENTRY--PERSONAL NAME
Personal name Mano, M. Morris and Ciletti, Michael D.
245 #0 - TITLE STATEMENT
Title Digital design with an introduction to the Verilog HDL, VHDL, and Systemverilog
250 ## - EDITION STATEMENT
Edition statement 6th Ed.
260 ## - PUBLICATION, DISTRIBUTION, ETC. (IMPRINT)
Name of publisher, distributor, etc Pearson Education, Asia
Date of publication, distribution, etc 2018
Place of publication, distribution, etc Uttar Pradesh
300 ## - PHYSICAL DESCRIPTION
Extent 765
942 ## - ADDED ENTRY ELEMENTS (KOHA)
Item type Books
Holdings
Withdrawn status Lost status Source of classification or shelving scheme Damaged status Not for loan Collection code Permanent location Current location Shelving location Date acquired Total Checkouts Full call number Barcode Date last seen Date last borrowed Koha item type Public note
          Non-fiction IMU-MPC Library IMU-MPC Library General Stacks 2020-01-08 1 621.395 MAN MPC6075 2025-03-17 2022-03-31 Books Column-18
Copyright © 2021 Indian Maritime University, Mumbai Port Campus. All Rights Reserved. Managed & Maintained by Central Library, IMU-Mumbai

webs counters

Powered by Koha